| 000 | 00960nam a2200253Ia 4500 | ||
|---|---|---|---|
| 003 | GCL | ||
| 008 | 140319s9999 xx 000 0 ara d | ||
| 040 |
_aGCL / _cGCL |
||
| 082 | 0 | 4 |
_aد _b050 _bم م |
| 245 | 1 | 0 | _aالمجلة العربية للعلوم الانسانية \ اعداد 60 - 63 - 64 |
| 260 |
_aالكويت : _bمجلس النشر العلمى |
||
| 490 |
_aسلسلة عصفور الجنه _v0 |
||
| 650 | 0 | 4 | _aالمخدرات والشباب |
| 650 | 0 | 4 | _aالحديث - رواية |
| 650 | 0 | 4 | _aالحب |
| 650 | 0 | 4 | _aالصحابة والتابعون |
| 650 | 0 | 4 | _aاسرائيل - تاريخ |
| 650 | 0 | 4 | _aالاسلام، نظام الحكم فى |
| 650 | 0 | 4 | _aالطلاق (الشريعة الاسلامية ) |
| 650 | 0 | 4 | _aالزواج - الكويت |
| 650 | 0 | 4 | _aالعراق - تاريخ - العصر الحديث - احتلال الكويت ( 1990-1991 ) |
| 650 | 0 | 4 | _aالعمالة - الكويت |
| 942 |
_2ddc _cCR |
||
| 999 |
_c49394 _d49394 |
||